Statistics for UFC Main Event Winners in 2021

Click here to take the quiz!

General Stats

  • This quiz has been taken 190 times
    (162 since last reset)
  • The average score is 13 of 40

Answer Stats

DateWinnerviaLoser% Correct
Mar 27Francis NgannouKO/TKO (2)Stipe Miocic
93%
Jan 23Dustin PoirierKO/TKO (2)Conor McGregor
92%
Feb 13Kamaru UsmanKO/TKO (3)Gilbert Burns
92%
Apr 24Kamaru UsmanKO/TKO (2)Jorge Masvidal
92%
Jan 16Max HollowayDecisionCalvin Kattar
88%
Jun 12Israel AdesanyaDecisionMarvin Vettori
82%
May 15Charles OliveiraKO/TKO (2)Michael Chandler
80%
Feb 20Derrick LewisKO/TKO (2)Curtis Blaydes
77%
Mar 6Jan BlachowiczDecisionIsrael Adesanya
70%
May 1Jiří ProcházkaKO/TKO (2)Dominick Reyes
62%
Apr 17Robert WhittakerDecisionKelvin Gastelum
57%
Jun 26Ciryl GaneDecisionAlexander Volkov
55%
Feb 27Ciryl GaneDecisionJairzinho Rozenstruik
55%
Apr 10Marvin VettoriDecisionKevin Holland
50%
Feb 6Alexander VolkovKO/TKO (2)Alistair Overeem
48%
Mar 20Derek BrunsonDecisionKevin Holland
42%
May 22Rob FontDecisionCody Garbrandt
38%
Jun 5Jairzinho RozenstruikKO/TKO (1)Augusto Sakai
31%
Jan 20Michael ChiesaDecisionNeil Magny
27%
Jun 19Chan Sung JungDecisionDan Ige
25%
May 8Marina RodriguezDecisionMichelle Waterson
16%
Jul 10Dustin PoirierKO/TKO (1)Conor McGregor
8%
Nov 13Max HollowayDecisionYair Rodriguez
8%
Nov 6Kamaru UsmanDecisionColby Covington
3%
Jul 24T.J. DillashawDecisionCory Sandhagen
3%
Sep 4Derek BrunsonSubmission (3)Darren Till
2%
Sep 25Alexander VolkanovskiDecisionBrian Ortega
1%
Jul 17Islam MakhachevSubmission (4)Thiago Moises
1%
Aug 21Jared CannonierDecisionKelvin Gastelum
1%
Dec 4Jose AldoDecisionRob Font
1%
Oct 9Marina RodriguezDecisionMackenzie Dern
1%
Oct 23Marvin VettoriDecisionPaulo Costa
1%
Sep 18Anthony SmithSubmission (1)Ryan Spann
0%
Aug 7Ciryl GaneKO/TKO (3)Derrick Lewis
0%
Aug 28Giga ChikadzeKO/TKO (3)Edson Barboza
0%
Oct 30Glover TeixeiraSubmission (2)Jan Blachowicz
0%
Nov 20Ketlen VieiraDecisionMiesha Tate
0%
Oct 16Norma DumontDecisionAspen Ladd
0%
Jul 31Sean StricklandDecisionUriah Hall
0%
Oct 2Thiago SantosDecisionJohnny Walker
0%

Score Distribution

Percentile by Number Answered

Percent of People with Each Score

Your Score History

You have not taken this quiz since the last reset